01267cam a22002891 4500001001300000003000400013005001700017008004100034010001700075035002000092040003900112042001200151050002400163051001900187100004200206245009100248260004300339300003700382490010700419500013600526500006500662500005700727650003200784710004800816810009600864999001700960l 26000206 DLC20260227111530.0910813s1926 dcua 000 0 eng c al 26000206  a(OCoLC)24225437 aU.S. Dept. of LaborcCLUdCLUdDLC apremarc00aHD8051b.A5 no. 409 cAnother issue.1 aCroxton, Frederick Emory,d1899-1991.10aUnemployment in Columbus, Ohio, 1921 to 1925,cby Frederick E. Croxton ... June, 1926. aWashington,bGovt. Print. Off.,c1926. aiii, 35 p. incl. tables.c23 cm.1 aBulletin of the United States Bureau of Labor Statistics,vno. 409aEmployment and unemployment series aAt head of title: U.S. Department of Labor. James J. Davis, secretary. Bureau of Labor Statistics. Ethelbert Stewart, commissioner. aPublished also as thesis (PH. D.) Columbia University, 1926. aIssued also as House doc. 131, 69th Cong., 1st sess. 0aUnemployedzOhiozColumbus.1 aUnited States.bBureau of Labor Statistics.1 aUnited States.bBureau of Labor Statistics.tBulletin.pEmployment and unemployment series. c35819d35819